| 000 | 00730nam a22002172 4500 | ||
|---|---|---|---|
| 001 | 0000008470 | ||
| 005 | 20151217152034.0 | ||
| 008 | 080415s xx 000 0 eng d | ||
| 020 |
_a0851114687 : _cKES 2450 |
||
| 040 |
_aKABU _cKABU |
||
| 245 | 1 | 4 |
_aThe Gospel to the nations : _bperspectives on Paul's mission / _ced. by Peter Bolt & Mark Thompson. |
| 260 |
_aLeicester, England : _bInter-Varsity Press, _c2000. |
||
| 300 | _axiii, 429 p. | ||
| 650 | 0 |
_aPaul, the Apostle, Saint. _@0000159056 |
|
| 650 | 0 |
_aBible. N. T. Epistles of Paul. _@0000159057 |
|
| 700 | 1 |
_aBolt, Peter. _@0000159058 |
|
| 700 | 1 |
_aThompson, Mark. _@0000159059 |
|
| 908 | _a080415 | ||
| 950 | _@1 | ||
| 999 |
_c7586 _d7586 |
||